La caduta della repubblica romana

Gespeichert in:
Bibliographische Detailangaben
1. Verfasser: Brunt, P. A (VerfasserIn)
Format: Buch
Sprache:Italienisch
Veröffentlicht: Bari Laterza 2004
Schriftenreihe:Economica Laterza, 342
Schlagworte:
Tags: Tag hinzufügen
Keine Tags, Fügen Sie den ersten Tag hinzu!

MARC

LEADER 00000nam a2200000 a 4500
001 UCH5210
003 CL-VaPUC
008 091008e20040000IT |||||||||||||||||ita|d
020 |a 8842074926 
082 0 4 |a 937  |b BRU  |2 21 
100 0 |a Brunt, P. A  |e author  |9 541452 
245 1 3 |a La caduta della repubblica romana 
300 |a 171 p 
942 |c BK 
945 |d 20091008 00:00:00  |a rbrito 
260 |a Bari  |b Laterza  |c 2004 
650 0 |a Historia de Roma   |9 315349 
650 0 |a Historia antigua  |9 267521 
651 0 |a Roma   |9 255106 
583 |a last modification  |c 20091008 00:00:00  |k Rodrigo Vera 
490 0 |a Economica Laterza, 342 
999 |c 336392  |d 336390 
952 |0 0  |1 0  |4 0  |6 937_000000000000000_BRU_2004  |7 0  |8 A  |9 427657  |a BIBHIS  |b BIBHIS  |d 2019-11-22  |i 4606531  |o 937 BRU 2004  |p 4606531  |r 2025-01-20  |w 2019-11-22  |y BK  |k HIS